000 00202 a2200097 4500
001 18598
100 _aMaher G
245 _aMuqam-e-Hussain
260 _a
_bIshaet manzil
_c1965
090 _c13826
_d13826
942 _aNUST-CAE
_cM
_c4254
999 _c253671
_d253671